People in property: the inaugral address of the President, Simon Pott FRICS, given on 11 July 1995 at the Institution`s headquarters in London. (Record no. 90072)

MARC details
000 -LEADER
fixed length control field 00645cam a2200217 4500
001 - CONTROL NUMBER
control field M1914
008 - FIXED-LENGTH DATA ELEMENTS--GENERAL INFORMATION
fixed length control field 090401t1995 xxu||||| |||| 00| 0 eng d
035 ## - SYSTEM CONTROL NUMBER
System control number (Sirsi) u35234
041 ## - LANGUAGE CODE
Language code of text/sound track or separate title eng
050 ## - LIBRARY OF CONGRESS CALL NUMBER
Classification number 333.0062
090 ## - LOCALLY ASSIGNED LC-TYPE CALL NUMBER (OCLC); LOCAL CALL NUMBER (RLIN)
Classification number (OCLC) (R) ; Classification number, CALL (RLIN) (NR) RICS 1995/59AB
110 ## - MAIN ENTRY--CORPORATE NAME
Corporate name or jurisdiction name as entry element Royal Institution of Chartered Surveyors
9 (RLIN) 4900
245 ## - TITLE STATEMENT
Title People in property: the inaugral address of the President, Simon Pott FRICS, given on 11 July 1995 at the Institution`s headquarters in London.
260 ## - PUBLICATION, DISTRIBUTION, ETC.
Place of publication, distribution, etc. London
Name of publisher, distributor, etc. RICS
Date of publication, distribution, etc. 1995
300 ## - PHYSICAL DESCRIPTION
Extent 11p. ; 30cm.
350 ## - PRICE (NR) (BK AM CF MU VM SE) [OBSOLETE]
Price 0
650 ## - SUBJECT ADDED ENTRY--TOPICAL TERM
Topical term or geographic name entry element PRESIDENTIAL ADDRESS
650 ## - SUBJECT ADDED ENTRY--TOPICAL TERM
Topical term or geographic name entry element SPEECHES
942 ## - ADDED ENTRY ELEMENTS (KOHA)
Suppress in OPAC 0
948 ## - LOCAL PROCESSING INFORMATION (OCLC); SERIES PART DESIGNATOR (RLIN)
c (OCLC) 04/03/1997
Holdings
Withdrawn status Lost status Source of classification or shelving scheme Damaged status Not for loan Home library Current library Shelving location Date acquired Total Checkouts Full call number Barcode Date last seen Copy number Price effective from Koha item type
    Dewey Decimal Classification     London London RICS Boxes 18/08/1995   RICS 1995/59 30048801 06/08/2019 1 06/08/2019 Archive
    Dewey Decimal Classification     London London RICS Boxes 18/08/1995   RICS 1995/59 30048802 06/08/2019 2 06/08/2019 Reference material